| 000 -LEADER |
| fixed length control field |
nam a22 a 4500 |
| 003 - CONTROL NUMBER IDENTIFIER |
| control field |
AKMAL |
| 005 - DATE AND TIME OF LATEST TRANSACTION |
| control field |
20170519113848.0 |
| 008 - FIXED-LENGTH DATA ELEMENTS--GENERAL INFORMATION |
| fixed length control field |
170519s2010 my a e | 000 0 may d |
| 020 ## - INTERNATIONAL STANDARD BOOK NUMBER |
| International Standard Book Number |
9789676124012 |
| Qualifying information |
paperback |
| Terms of availability |
RM16.50 |
| 039 #9 - LEVEL OF BIBLIOGRAPHIC CONTROL AND CODING DETAIL [OBSOLETE] |
| Level of rules in bibliographic description |
201605061058 |
| Level of effort used to assign nonsubject heading access points |
VLOAD |
| Level of effort used to assign subject headings |
201604260932 |
| Level of effort used to assign classification |
VLOAD |
| Level of effort used to assign subject headings |
201510191558 |
| Level of effort used to assign classification |
ladduni |
| Level of effort used to assign subject headings |
201510191556 |
| Level of effort used to assign classification |
ladduni |
| 040 ## - CATALOGING SOURCE |
| Original cataloging agency |
AKMAL |
| 082 04 - DEWEY DECIMAL CLASSIFICATION NUMBER |
| Classification number |
658.3 MUM |
| Edition number |
22 |
| 090 00 - LOCALLY ASSIGNED LC-TYPE CALL NUMBER (OCLC); LOCAL CALL NUMBER (RLIN) |
| Classification number (OCLC) (R) ; Classification number, CALL (RLIN) (NR) |
658.3 |
| Local cutter number (OCLC) ; Book number/undivided call number, CALL (RLIN) |
MUM |
| 100 0# - MAIN ENTRY--PERSONAL NAME |
| Personal name |
Mumtaz Begam Abdul Kadir, |
| Relator term |
author. |
| 9 (RLIN) |
6436 |
| 245 10 - TITLE STATEMENT |
| Title |
KERJA BUKAN KERANA PANGKAT / |
| Statement of responsibility, etc. |
Mumtaz Begam Abdul Kadir |
| 264 #1 - PRODUCTION, PUBLICATION, DISTRIBUTION, MANUFACTURE, AND COPYRIGHT NOTICE |
| Place of production, publication, distribution, manufacture |
Kuala Lumpur : |
| Name of producer, publisher, distributor, manufacturer |
Utusan Publications & Distributors, |
| Date of production, publication, distribution, manufacture, or copyright notice |
2010 |
| 300 ## - PHYSICAL DESCRIPTION |
| Extent |
viii, 158 pages : |
| Other physical details |
illustrations ; |
| Dimensions |
22 cm |
| 504 ## - BIBLIOGRAPHY, ETC. NOTE |
| Bibliography, etc. note |
Bibliography: page 155-156 |
| 650 10 - SUBJECT ADDED ENTRY--TOPICAL TERM |
| Topical term or geographic name entry element |
Career development |
| 9 (RLIN) |
568 |
| 650 20 - SUBJECT ADDED ENTRY--TOPICAL TERM |
| Topical term or geographic name entry element |
Quality of work life |
| 9 (RLIN) |
6447 |
| 650 20 - SUBJECT ADDED ENTRY--TOPICAL TERM |
| Topical term or geographic name entry element |
Personnel management |
| General subdivision |
Psychological aspects |
| 9 (RLIN) |
6448 |
| 942 ## - ADDED ENTRY ELEMENTS (KOHA) |
| Source of classification or shelving scheme |
|
| Koha item type |
Book |